Ένα βέλος στον ουρανό : ο πρωτος τόμος μιας αυτοβιογραφίας
Saved in:
| Main Author: | |
|---|---|
| Other Authors: | |
| Format: | Book |
| Language: | Greek English |
| Published: |
Αθήνα :
Χατχηνικολή,
c1979.
|
| Subjects: | |
| Tags: |
Add Tag
No Tags, Be the first to tag this record!
|
MARC
| LEADER | 00000cam a2200000 i 4500 | ||
|---|---|---|---|
| 001 | 1/33485 | ||
| 008 | 960802s1979 gr | ||| |||| ||gre|| | ||
| 035 | |1 ΕΛΗ |a 1996 |b 2507 |c ΒΙΒΛΙΟΘΗΚΗ |l 10039382 | ||
| 040 | |a GR-MY-UA |b gre |e aacr | ||
| 041 | 1 | |a gre |h eng | |
| 082 | 0 | |a 920. | |
| 100 | 1 | |a Koestler, Arthur, |d 1905-1983. | |
| 245 | 1 | 5 | |a Ένα βέλος στον ουρανό : |b ο πρωτος τόμος μιας αυτοβιογραφίας / |c Αρθουρ Καίσλερ ; μετάφραση Αντρέας Βλαχιώτης. |
| 260 | |a Αθήνα : |b Χατχηνικολή, |c c1979. | ||
| 300 | |a 1 τ. ; |c 24 εκ. | ||
| 500 | |a Τίτλος πρωτοτύπου: Arrow in the blue | ||
| 600 | 1 | 0 | |a Koestler, Arthur, |d 1905-1983 |x Biography. |
| 650 | 0 | 0 | |a Autobiography. |
| 700 | 1 | |a Βλαχιώτης, Αντρέας, |e trl | |
| 852 | |a INST |b SAMOS |e 19960802 |h 920 KOE |p 005300009385 |q 005300009385 |t BK |y 0 | ||